| 000 | 01301cam a22003617a 4500 | ||
|---|---|---|---|
| 003 | CHAP | ||
| 005 | 20220329141832.0 | ||
| 008 | 971127d1997 mx r 00110 spa d | ||
| 010 | _a74582 | ||
| 011 | _a75554 | ||
| 035 | _a85118 | ||
| 040 | _cCHAP | ||
| 090 | _aTesis | ||
| 100 | 0 | 0 |
_aAguilar Jimenez, Martha Isabel. _92733 |
| 245 | 1 | 0 |
_aPotencial alelopático de extractos acuosos de gramíneas sobre la germinación y desarrollo de cuatro especies vegetales _c/por Martha Isabel Aguilar Jiménez |
| 260 |
_aChapingo, Méx. : _bEl autor, _c1997. |
||
| 300 |
_a49 h. : _bcuadros |
||
| 502 | _aTesis (Ing. Agr. Esp. en Parasitología Agrícola) -- UACH. Departamento de Parasitología Agrícola | ||
| 590 |
_aALEPH _b10 _c20130110 _lUCH01 _h1420 |
||
| 590 |
_aBATCH-UPD _b10 _c20130110 _lUCH01 _h1652 |
||
| 590 |
_aBATCH-UPD _b10 _c20130410 _lUCH01 _h1041 |
||
| 590 |
_aBATCH-UPD _b10 _c20130914 _lUCH01 _h1339 |
||
| 590 |
_aCONVERSION _b10 _c20130109 _lUCH01 _h1341 |
||
| 650 | 1 | 4 |
_aAlelopatia. _93761 |
| 650 | 1 | 4 |
_aExtractos vegetales. _939214 |
| 650 | 1 | 4 |
_aGerminación. _947755 |
| 650 | 1 | 4 |
_aGramíneas. _950260 |
| 901 | _aBK | ||
| 905 | _aLilia Sánchez G. | ||
| 942 | _cFOLL | ||
| 949 |
_bBC _cTES _d33724000629325 _eTS2 _fc.2 _h31940 _i85118 _si |
||
| 949 |
_bBC _cTES _d851181 _eTS1 _h31939 _i85118 _sb |
||
| 999 |
_c74582 _d74582 |
||